| 000 | 01029 a2200229 4500 | ||
|---|---|---|---|
| 005 | 20260202143228.0 | ||
| 008 | 260202b |||||||| |||| 00| 0 eng d | ||
| 020 | _a9788190722100 (hbk) | ||
| 037 | _cTB | ||
| 040 |
_aCRL _cCRL |
||
| 041 |
_2hin _ahin |
||
| 084 |
_aO152,1N11:g Q0 _qTB |
||
| 100 |
_aपालीवाल, कृष्णदत्त _9864009 |
||
| 245 |
_aअज्ञेय: _bकवि - कर्म का संकट |
||
| 260 |
_aनयी दिल्ली, भारत: _bकिताबघर प्रकाशन, _c2010. |
||
| 300 | _a463पृ. | ||
| 365 |
_b565पृ. _cINR |
||
| 650 |
_aहिन्दी साहित्य _91113160 |
||
| 650 |
_aहिन्दी कविता _91113161 |
||
| 942 |
_cTB _2CC _n0 _hO152,1N11:g Q0 |
||
| 999 |
_c1467543 _d1467543 |
||